[Event "Madrid-ch Previa A"]
[Site "Madrid"]
[Date "2023.02.13"]
[Round "4.11"]
[White "Jimenez Gonzalez, Marcos"]
[Black "Marcos Herrero, Francisco"]
[Result "1/2-1/2"]
[WhiteElo "1748"]
[BlackElo "1855"]
[PlyCount "99"]
[EventDate "2023.02.06"]
[EventType "swiss"]
[EventRounds "9"]
[EventCountry "ESP"]
[SourceTitle "EXT 2024"]
[Source "ChessBase"]
[SourceDate "2023.10.10"]
[SourceVersion "1"]
[SourceVersionDate "2023.10.10"]
[SourceQuality "1"]

1. d4 Nf6 2. c4 e6 3. g3 d5 4. Bg2 Bb4+ 5. Bd2 Bd6 6. Nf3 c6 7. 0-0 0-0 8. Nc3 Nbd7 9. Qc2 e5 10. Nxe5 Nxe5 11. dxe5 Bxe5 12. cxd5 cxd5 13. Bg5 Be6 14. Rfd1 Qa5 15. Bxf6 Bxf6 16. Nxd5 Bxd5 17. Rxd5 Qb4 18. Qd2 a5 19. Rb1 Qg4 20. Bf3 Qg6 21. Rd1 h6 22. b3 Rfd8 23. Rxd8+ Rxd8 24. Qc1 b6 25. Rxd8+ Bxd8 26. Qc8 Qf6 27. Be4 g6 28. Qc6 Kg7 29. Qxf6+ Kxf6 30. Kg2 Ke5 31. Bd3 f5 32. f4+ Kf6 33. Kf3 Be7 34. e4 fxe4+ 35. Kxe4 h5 36. h3 Bc5 37. g4 hxg4 38. hxg4 Bg1 39. Kd5 Be3 40. Kc6 Bf2 41. Kd5 Be3 42. Ke4 Bf2 43. Kf3 Bg1 44. g5+ Kg7 45. Ke4 Bf2 46. Ke5 Be3 47. Ke4 Bf2 48. f5 gxf5+ 49. Kxf5 Bd4 50. g6 1/2-1/2

[Event "Madrid-ch sf"]
[Site "Madrid"]
[Date "2022.05.06"]
[Round "3"]
[White "Barraza Caracuel, Ignacio"]
[Black "Marcos Herrero, Francisco"]
[Result "1/2-1/2"]
[WhiteElo "2100"]
[BlackElo "1939"]
[PlyCount "51"]
[EventDate "2022.05.04"]
[EventType "swiss"]
[EventRounds "9"]
[EventCountry "ESP"]
[SourceTitle "EXT 2023"]
[Source "ChessBase"]
[SourceDate "2022.10.05"]
[SourceVersion "1"]
[SourceVersionDate "2022.10.05"]
[SourceQuality "1"]

1. e4 c6 2. d4 d5 3. exd5 cxd5 4. c4 Nf6 5. Nc3 e6 6. Nf3 Be7 7. Bf4 0-0 8. c5 b6 9. b4 a5 10. a3 axb4 11. axb4 Rxa1 12. Qxa1 bxc5 13. Bxb8 cxd4 14. Na2 Qb6 15. Bf4 e5 16. Nxe5 Bxb4+ 17. Nxb4 Qxb4+ 18. Bd2 Qb3 19. Be2 Re8 20. f4 d3 21. Bd1 Qb6 22. Qa5 Qd4 23. Qc3 Qb6 24. Qb4 Qa7 25. Qa5 Qd4 26. Qa4 1/2-1/2

[Event "Madrid-ch Previa-A"]
[Site "Madrid"]
[Date "2022.03.07"]
[Round "1"]
[White "Marcos Herrero, Francisco"]
[Black "Aquilino Rodriguez, Virgilio"]
[Result "1/2-1/2"]
[WhiteElo "1897"]
[BlackElo "1541"]
[PlyCount "74"]
[EventDate "2022.03.07"]
[EventType "swiss"]
[EventRounds "9"]
[EventCountry "ESP"]
[SourceTitle "EXT 2023"]
[Source "ChessBase"]
[SourceDate "2022.10.05"]
[SourceVersion "1"]
[SourceVersionDate "2022.10.05"]
[SourceQuality "1"]

1. c4 Nf6 2. g3 d5 3. cxd5 Nxd5 4. Bg2 g6 5. Nc3 Nxc3 6. bxc3 Bg7 7. Nf3 0-0 8. Ba3 Re8 9. h4 Bg4 10. Qb3 Be6 11. Qxb7 Bd5 12. Qb2 Nd7 13. 0-0 Rb8 14. Qc2 Nf6 15. c4 Be6 16. Ne5 Qc8 17. Nc6 Bf8 18. Nxb8 Qxb8 19. Rab1 Qc8 20. Qa4 c5 21. d3 Bh3 22. Rb3 Bxg2 23. Kxg2 Qa8+ 24. Kg1 Qc8 25. Qxa7 Qh3 26. Qb7 e5 27. Qg2 Qe6 28. Rfb1 e4 29. Rb6 Qf5 30. Bb2 Nd7 31. dxe4 Rxe4 32. Rb7 Rxe2 33. Bc1 Ne5 34. R7b3 Re1+ 35. Kh2 Ng4+ 36. Kh3 Nxf2+ 37. Kh2 Ng4+ 1/2-1/2

[Event "Biel ATO 55th"]
[Site "Biel"]
[Date "2022.??.??"]
[Round "4"]
[White "Marcos Herrero, Francisco"]
[Black "Wanner, Stefan"]
[Result "1/2-1/2"]
[WhiteElo "1877"]
[BlackElo "1975"]
[PlyCount "53"]
[EventDate "2022.07.13"]
[EventType "swiss"]
[EventRounds "9"]
[EventCountry "SUI"]
[SourceTitle "EXT 2024"]
[Source "ChessBase"]
[SourceDate "2023.10.10"]
[SourceVersion "1"]
[SourceVersionDate "2023.10.10"]
[SourceQuality "1"]

1. c4 Nf6 2. g3 c5 3. Bg2 Nc6 4. Nc3 g6 5. Nf3 Bg7 6. 0-0 0-0 7. d4 cxd4 8. Nxd4 Nxd4 9. Qxd4 d6 10. Qd3 a6 11. b3 Rb8 12. Bb2 Bd7 13. Rac1 b5 14. cxb5 axb5 15. Nd5 Nxd5 16. Bxg7 Nf4 17. gxf4 Kxg7 18. Qd4+ Kg8 19. Qa7 Rc8 20. a4 bxa4 21. bxa4 e6 22. Bb7 Rxc1 23. Rxc1 Qb8 24. Qb6 Bxa4 25. Ra1 Qe8 26. Qxd6 Qd7 27. Qxd7 1/2-1/2

[Event "De los Reyes op 21st"]
[Site "De los Reyes"]
[Date "2019.12.08"]
[Round "9"]
[White "Marcos Herrero, Francisco"]
[Black "Lopez de Turiso, Jose Angel"]
[Result "0-1"]
[WhiteElo "1842"]
[BlackElo "1889"]
[PlyCount "88"]
[EventDate "2019.11.30"]
[EventType "swiss"]
[EventRounds "9"]
[EventCountry "ESP"]
[SourceTitle "CBM 193 Extra"]
[Source "ChessBase"]
[SourceDate "2020.01.31"]
[SourceVersion "1"]
[SourceVersionDate "2020.01.31"]
[SourceQuality "1"]

1. Nf3 Nf6 2. c4 c5 3. Nc3 b6 4. g3 Bb7 5. Bg2 e6 6. 0-0 Be7 7. d4 cxd4 8. Qxd4 Nc6 9. Qd1 a6 10. b3 0-0 11. Bb2 Qc7 12. e4 d6 13. Qe2 Rfd8 14. Rfd1 Rab8 15. Rac1 h6 16. Nd5 Qd7 17. Nxb6 Qe8 18. Na4 Nb4 19. Nc3 a5 20. e5 dxe5 21. Nxe5 Bxg2 22. Kxg2 Bd6 23. Kg1 Bxe5 24. Qxe5 Nd3 25. Rxd3 Rxd3 26. Ne4 Qd8 27. Nxf6+ gxf6 28. Qf4 e5 29. Qg4+ Kh7 30. c5 Rb4 31. Qh5 Rd7 32. Ba3 Rbd4 33. Rc3 Rd1+ 34. Kg2 Rc7 35. b4 axb4 36. Bxb4 Qd5+ 37. Kh3 Rd2 38. Rf3 Qe6+ 39. Kg2 Rxa2 40. c6 Kg7 41. g4 Ra4 42. Rh3 Qxc6+ 43. Kg3 f5 44. Bd2 Rxg4+ 0-1

[Event "De los Reyes op 21st"]
[Site "De los Reyes"]
[Date "2019.12.06"]
[Round "7"]
[White "Pindado del Carmen, Eliseo"]
[Black "Marcos Herrero, Francisco"]
[Result "0-1"]
[WhiteElo "1531"]
[BlackElo "1842"]
[PlyCount "64"]
[EventDate "2019.11.30"]
[EventType "swiss"]
[EventRounds "9"]
[EventCountry "ESP"]
[SourceTitle "CBM 193 Extra"]
[Source "ChessBase"]
[SourceDate "2020.01.31"]
[SourceVersion "1"]
[SourceVersionDate "2020.01.31"]
[SourceQuality "1"]

1. d4 Nf6 2. Bf4 c5 3. e3 b6 4. h3 g6 5. c3 Bg7 6. Nd2 Bb7 7. Ngf3 d6 8. Be2 Nbd7 9. 0-0 0-0 10. Rc1 Qc7 11. Bh2 Rac8 12. Qb3 Qb8 13. Rfe1 Qa8 14. Bf1 Rc7 15. Be2 Bh6 16. Nh4 Rfc8 17. Bf3 cxd4 18. Bxb7 Qxb7 19. Bf4 dxc3 20. Rxc3 Rxc3 21. bxc3 Nc5 22. Qc2 Bg7 23. f3 Nd5 24. c4 Nb4 25. Qb1 Nbd3 26. Re2 a6 27. Bg3 b5 28. f4 bxc4 29. Qc2 c3 30. Nb3 Nxb3 31. axb3 Nb4 32. Qb1 c2 0-1

[Event "Madrid Chamartin op 8th"]
[Site "Madrid"]
[Date "2019.09.15"]
[Round "9"]
[White "Marcos Herrero, Francisco"]
[Black "Bravo Plaza, Luis"]
[Result "0-1"]
[WhiteElo "1728"]
[BlackElo "1865"]
[PlyCount "102"]
[EventDate "2019.09.09"]
[EventType "swiss"]
[EventRounds "9"]
[EventCountry "ESP"]
[SourceTitle "CBM 192 Extra"]
[Source "Chessbase"]
[SourceDate "2019.11.06"]
[SourceVersion "1"]
[SourceVersionDate "2019.11.06"]
[SourceQuality "1"]

1. Nf3 c5 2. c4 Nf6 3. g3 Nc6 4. Nc3 g6 5. Bg2 Bg7 6. 0-0 0-0 7. d4 cxd4 8. Nxd4 h6 9. Nc2 d6 10. Qd2 Ng4 11. b3 Be6 12. h3 Nge5 13. Bb2 Rc8 14. e4 Bxc4 15. Rfd1 Ba6 16. Nd5 e6 17. Nde3 Qb6 18. Qxd6 Rfd8 19. Qa3 Bf8 20. b4 Nd3 21. Rab1 Nxb2 22. Qxb2 Bd3 23. a3 Bg7 24. Qa2 Ne5 25. Rbc1 Rc3 26. Ne1 Rxc1 27. Rxc1 Bb5 28. a4 Be8 29. Qb3 Nc6 30. b5 Nd4 31. Qa2 a6 32. Nc4 Qa7 33. b6 Qb8 34. Kf1 h5 35. Rd1 Rc8 36. Ne3 Qe5 37. Nf3 Qc5 38. a5 Bb5+ 39. Kg1 Ne2+ 40. Kh2 Nc3 41. Qd2 Nxd1 42. Nxd1 Qc2 43. Qd6 Bf8 44. Qd4 Qd3 45. Ne3 Qxd4 46. Nxd4 e5 47. Nxb5 axb5 48. Nd5 Ra8 49. f4 Rxa5 50. fxe5 b4 51. e6 fxe6 0-1

[Event "Madrid Chamartin op 8th"]
[Site "Madrid"]
[Date "2019.09.12"]
[Round "6"]
[White "Marcos Herrero, Francisco"]
[Black "Renteria Becerra, Jorge Elicer"]
[Result "0-1"]
[WhiteElo "1728"]
[BlackElo "2286"]
[PlyCount "154"]
[EventDate "2019.09.09"]
[EventType "swiss"]
[EventRounds "9"]
[EventCountry "ESP"]
[SourceTitle "CBM 192 Extra"]
[Source "Chessbase"]
[SourceDate "2019.11.06"]
[SourceVersion "1"]
[SourceVersionDate "2019.11.06"]
[SourceQuality "1"]

1. Nf3 d6 2. d4 Bg4 3. g3 Bxf3 4. exf3 c6 5. c4 g6 6. Nc3 Bg7 7. Bg2 Nf6 8. 0-0 0-0 9. Be3 Nbd7 10. Qc2 a6 11. Rad1 Nb6 12. b3 d5 13. Ne2 a5 14. c5 Nbd7 15. f4 e6 16. f3 b6 17. Qd3 bxc5 18. dxc5 e5 19. fxe5 Nxe5 20. Qc2 Re8 21. Bd4 Ned7 22. Nf4 Bh6 23. Nh3 Be3+ 24. Kh1 Bxd4 25. Rxd4 Nh5 26. Qc1 Ng7 27. Nf4 Qe7 28. Nd3 Qe3 29. Qxe3 Rxe3 30. Bh3 f5 31. Nf4 Nxc5 32. Rc1 Nce6 33. Ng2 Rxf3 34. Ra4 c5 35. Ne1 Re3 36. Bg2 Rd8 37. Rxa5 d4 38. Rd1 d3 39. Ra8 Rxa8 40. Bxa8 c4 41. bxc4 Nc5 42. Bd5+ Kf8 43. Ng2 Re2 44. Nf4 Rxa2 45. Nxd3 Nge6 46. Nb4 Rb2 47. Nc6 Ng5 48. Re1 Nd3 49. Ra1 Nh3 50. Nd4 Nhf2+ 51. Kg2 Ng4+ 52. Kf1 Ne3+ 53. Kg1 Nf2 54. Ra3 Neg4 55. Ne6+ Ke7 56. Nf4 g5 57. Nd3 Nxd3 58. Rxd3 Nxh2 59. Rc3 Kd6 60. Bg8 h6 61. Re3 Ng4 62. Rd3+ Ke5 63. Bd5 Nf6 64. Re3+ Kd4 65. Rf3 Nxd5 66. cxd5 Ke4 67. Ra3 Kxd5 68. Ra6 Rb3 69. Rxh6 Rxg3+ 70. Kf2 Rg4 71. Rg6 Ke5 72. Rg8 Kf6 73. Ra8 Rc4 74. Ra5 g4 75. Ra8 Kg5 76. Kg3 f4+ 77. Kg2 Rc2+ 0-1

[Event "Tres Cantos op 11th"]
[Site "Tres Cantos"]
[Date "2019.06.30"]
[Round "9"]
[White "Marcos Herrero, Francisco"]
[Black "Tenorio Garcia, Joel"]
[Result "1/2-1/2"]
[WhiteElo "1895"]
[BlackElo "1774"]
[PlyCount "57"]
[EventDate "2019.06.22"]
[EventType "swiss"]
[EventRounds "9"]
[EventCountry "ESP"]
[SourceTitle "CBM 195 Extra"]
[Source "ChessBase"]
[SourceDate "2020.05.31"]
[SourceVersion "1"]
[SourceVersionDate "2020.05.31"]
[SourceQuality "1"]

1. c4 Nf6 2. Nc3 d5 3. cxd5 Nxd5 4. g3 Nxc3 5. bxc3 g6 6. Bg2 c6 7. Nf3 Bg7 8. 0-0 0-0 9. Qc2 Nd7 10. d4 e5 11. Rd1 Qa5 12. e4 exd4 13. cxd4 Nb6 14. Bd2 Qa4 15. Rac1 Qxc2 16. Rxc2 Be6 17. Bc3 h6 18. Nd2 Rfd8 19. Nb3 Bxb3 20. axb3 a5 21. d5 cxd5 22. Bxg7 Kxg7 23. exd5 Rac8 24. Ra2 Rc5 25. d6 Rd7 26. h4 Nc8 27. Bxb7 Rxd6 28. Rda1 Rb6 29. Bxc8 1/2-1/2

[Event "Madrid-ch Previa-A"]
[Site "Madrid"]
[Date "2019.02.12"]
[Round "5"]
[White "De Juan Rivas, Antonio"]
[Black "Marcos Herrero, Francisco"]
[Result "0-1"]
[WhiteElo "1541"]
[BlackElo "1837"]
[PlyCount "174"]
[EventDate "2019.02.04"]
[EventType "swiss"]
[EventRounds "9"]
[EventCountry "ESP"]
[SourceTitle "EXT 2021"]
[Source "ChessBase"]
[SourceDate "2020.10.23"]
[SourceVersion "1"]
[SourceVersionDate "2020.10.23"]
[SourceQuality "1"]

1. e4 c5 2. Nf3 Nc6 3. d4 cxd4 4. Nxd4 g6 5. c4 Nf6 6. Nc3 d6 7. Be2 Nxd4 8. Qxd4 Bg7 9. e5 dxe5 10. Qxd8+ Kxd8 11. Be3 Be6 12. Rd1+ Kc8 13. 0-0 Rd8 14. b3 Nd7 15. Nb5 a6 16. Nc3 Kc7 17. Nd5+ Bxd5 18. Rxd5 e6 19. Rd2 Nf6 20. Rfd1 Rxd2 21. Bxd2 Ne4 22. Bb4 a5 23. Be1 Nd6 24. f3 b6 25. Bf2 Nf5 26. c5 Nd4 27. cxb6+ Kxb6 28. f4 Rd8 29. fxe5 Bxe5 30. h3 f5 31. Bc4 Rd6 32. Kf1 Bg7 33. Bxd4+ Bxd4 34. Bxe6 Kc5 35. Bg8 h6 36. Rc1+ Kb6 37. Rd1 Kb5 38. a4+ Kb4 39. Bc4 Kc3 40. Rd3+ Kc2 41. Ke2 Rd7 42. Rd2+ Kc3 43. Rd3+ Kb4 44. Kd1 Kc5 45. Kc2 Re7 46. Rd2 Re3 47. Rd3 Re4 48. Rd2 Kd6 49. Re2 Ke5 50. Kd3 Bc5 51. Bf7 g5 52. g4 Kf4 53. gxf5 Rd4+ 54. Kc2 Kxf5 55. Be6+ Kf4 56. Bg4 Bb4 57. Rf2+ Kg3 58. Rf3+ Kg2 59. Rd3 Rf4 60. Re3 Rf6 61. Re2+ Kg3 62. Re3+ Kh4 63. Kd3 Bc5 64. Re5 Rd6+ 65. Ke4 Rd4+ 66. Kf5 Bb4 67. Kg6 Bc3 68. Re3 Bd2 69. Re6 h5 70. Bf5 g4 71. hxg4 hxg4 72. Re4 Rxe4 73. Bxe4 Kg3 74. Kf5 Kh3 75. Bd3 g3 76. Bf1+ g2 77. Bxg2+ Kxg2 78. Ke4 Kf2 79. Kd3 Bb4 80. Kc2 Ke3 81. Kb2 Kd2 82. Kb1 Kc3 83. Ka2 Kc2 84. Ka1 Bc3+ 85. Ka2 Bb2 86. b4 axb4 87. a5 b3# 0-1

[Event "Gibraltar Amateur op-B"]
[Site "Caleta"]
[Date "2019.01.29"]
[Round "4"]
[White "Marcos Herrero, Francisco"]
[Black "Manukonda, Arun"]
[Result "1-0"]
[WhiteElo "1855"]
[BlackElo "1814"]
[PlyCount "79"]
[EventDate "2019.01.26"]
[EventType "swiss"]
[EventRounds "5"]
[EventCountry "GGB"]
[SourceTitle "EXT 2021"]
[Source "ChessBase"]
[SourceDate "2020.10.23"]
[SourceVersion "1"]
[SourceVersionDate "2020.10.23"]
[SourceQuality "1"]

1. c4 c6 2. Nf3 d5 3. b3 Nf6 4. g3 g6 5. Bb2 Bg7 6. Bg2 0-0 7. 0-0 dxc4 8. bxc4 Qb6 9. Qb3 Nbd7 10. Bd4 Qc7 11. d3 e5 12. Bb2 e4 13. Ne1 Nc5 14. Qa3 exd3 15. exd3 b6 16. d4 Nce4 17. Nf3 Bg4 18. Nbd2 Bh6 19. Nxe4 Nxe4 20. Ne5 Nf6 21. Nxg4 Nxg4 22. d5 Bg7 23. Bxg7 Kxg7 24. Rfd1 Ne5 25. d6 Qd7 26. c5 Rfe8 27. Qc3 f6 28. cxb6 Rac8 29. Rab1 axb6 30. Rxb6 Qa7 31. Qb3 Rb8 32. d7 Nxd7 33. Rxd7+ Qxd7 34. Rxb8 Re1+ 35. Bf1 Qh3 36. Rb7+ Kh6 37. Qd3 Qe6 38. h4 Qxa2 39. Qd7 Qg8 40. Qd2+ 1-0

[Event "Gibraltar Amateur op-A"]
[Site "Caleta"]
[Date "2019.01.25"]
[Round "5"]
[White "Krause, Helmut"]
[Black "Marcos Herrero, Francisco"]
[Result "0-1"]
[WhiteElo "1668"]
[BlackElo "1855"]
[PlyCount "36"]
[EventDate "2019.01.21"]
[EventType "swiss"]
[EventRounds "5"]
[EventCountry "GGB"]
[SourceTitle "CBM 188 Extra"]
[Source "ChessBase"]
[SourceDate "2019.02.26"]
[SourceVersion "1"]
[SourceVersionDate "2019.02.26"]
[SourceQuality "1"]

1. d4 Nf6 2. Nf3 c5 3. Bf4 cxd4 4. Qxd4 Nc6 5. Qd1 Qb6 6. Bc1 d5 7. e3 e5 8. a3 Bg4 9. Be2 Bd6 10. 0-0 e4 11. Nfd2 Ne5 12. Nc3 0-0 13. Nb3 Bxe2 14. Qxe2 Rad8 15. Nd4 a6 16. b3 Bb8 17. Rb1 Qc7 18. Bb2 Nf3+ 0-1

[Event "Madrid-ch Seniors 50"]
[Site "Madrid"]
[Date "2019.01.16"]
[Round "8"]
[White "Pastor Alonso de Prado, Emilio Alberto"]
[Black "Marcos Herrero, Francisco"]
[Result "1/2-1/2"]
[WhiteElo "2147"]
[BlackElo "1855"]
[PlyCount "36"]
[EventDate "2019.01.07"]
[EventType "swiss"]
[EventRounds "9"]
[EventCountry "ESP"]
[SourceTitle "CBM 188 Extra"]
[Source "ChessBase"]
[SourceDate "2019.02.26"]
[SourceVersion "1"]
[SourceVersionDate "2019.02.26"]
[SourceQuality "1"]

1. e4 c5 2. c3 d5 3. exd5 Qxd5 4. Na3 g6 5. d4 Bg7 6. Nb5 Qc6 7. d5 Qb6 8. Bf4 Na6 9. Nf3 Bg4 10. Qa4 Kf8 11. Ne5 h5 12. f3 Bf5 13. g4 hxg4 14. fxg4 Bxe5 15. Bxe5 Rh4 16. h3 Bd7 17. Rc1 c4 18. Bd4 Qxb5 1/2-1/2